000 00475 a2200181 4500
005 20260210111509.0
008 260210b |||||||| |||| 00| 0 eng d
020 _a9789351711674
_cRs. 1750.00
040 _aMAIN
082 _a707.072
_bJ78V
100 _aJoshi, Shekhar Chandra
245 _aVisual arts and research methodology
260 _bResearch India Press
_c2022
_aDelhi
300 _aix, 363
650 _aVisual Art
650 _aArt- Research
942 _cBK
999 _c394777
_d394777